[Event "TUR-chT2"]
[Site "Konya"]
[Date "2017.07.12"]
[Round "6.12"]
[White "Yurdun, Fehmi Kuzey"]
[Black "Sakarya, Muammer Boran"]
[Result "0-1"]
[WhiteElo "1225"]
[BlackElo "1495"]
[PlyCount "68"]
[EventDate "2017.07.09"]
[EventType "team-swiss"]
[EventRounds "9"]
[EventCountry "TUR"]
[SourceTitle "CBM 179 Extra"]
[Source "ChessBase"]
[SourceDate "2017.08.23"]
[SourceVersion "1"]
[SourceVersionDate "2017.08.23"]
[SourceQuality "1"]
[WhiteTeam "Koycegiz Su Sporlari"]
[BlackTeam "Uludag Univ"]
[WhiteTeamCountry "TUR"]
[BlackTeamCountry "TUR"]

1. e4 c5 2. Nc3 e6 3. f4 d5 4. d3 Nc6 5. Nf3 b6 6. Be2 Bb7 7. 0-0 Be7 8. exd5 exd5 9. Ne5 Bf6 10. Re1 Nge7 11. Nxc6 Bxc6 12. Bf3 0-0 13. g4 g6 14. g5 Bd4+ 15. Kh1 Qd6 16. Ne2 Bg7 17. Ng3 Rae8 18. Bg4 f5 19. gxf6 Rxf6 20. f5 Nxf5 21. Rxe8+ Bxe8 22. Bxf5 gxf5 23. Bg5 Rf7 24. Qe2 Bc6 25. Rf1 f4 26. Nh5 d4+ 27. Kg1 f3 28. Qd2 Qg6 29. Nxg7 Rxg7 30. h4 h6 31. Qf4 hxg5 32. hxg5 Qxg5+ 33. Qxg5 Rxg5+ 34. Kf2 Rg2+ 0-1

[Event "TUR-chT2"]
[Site "Konya"]
[Date "2017.07.09"]
[Round "1.23"]
[White "Solmaz, Efe"]
[Black "Yurdun, Fehmi Kuzey"]
[Result "1-0"]
[WhiteElo "1078"]
[BlackElo "1225"]
[PlyCount "65"]
[EventDate "2017.07.09"]
[EventType "team-swiss"]
[EventRounds "9"]
[EventCountry "TUR"]
[SourceTitle "CBM 179 Extra"]
[Source "ChessBase"]
[SourceDate "2017.08.23"]
[SourceVersion "1"]
[SourceVersionDate "2017.08.23"]
[SourceQuality "1"]
[WhiteTeam "Meslek Lise"]
[BlackTeam "Koycegiz Su Sporlari"]
[WhiteTeamCountry "TUR"]
[BlackTeamCountry "TUR"]

1. e4 c6 2. d4 d5 3. exd5 cxd5 4. Nc3 Nc6 5. Bb5 Nf6 6. Nf3 Bg4 7. Qd3 Bxf3 8. Qxf3 a6 9. Bxc6+ bxc6 10. 0-0 e6 11. Bg5 Be7 12. Na4 Ne4 13. Bxe7 Qxe7 14. Qe3 Rb8 15. b3 Qf6 16. f3 Nd6 17. Qc3 0-0 18. Nc5 Nb5 19. Qe3 Rbd8 20. Rad1 Rfe8 21. Rde1 Qg6 22. a4 Na3 23. Re2 e5 24. Rc1 f6 25. dxe5 Rxe5 26. Qd2 Rxe2 27. Qxe2 Qh6 28. Qe6+ Kh8 29. Rf1 Rg8 30. Nb7 Nxc2 31. Nd6 Rf8 32. Nf7+ Rxf7 33. Qe8+ 1-0